000 00579nam a2200229 a 4500
999 _c5513
_d5513
001 5513
003 BD-JhCC
005 20171217190341.0
008 171217s1966 bg |||| ||a| 000 0 eng d
035 _a(BD-JhCC)5513
040 _aBD-JhCC
_dBD-JhCC
041 _aeng
082 _a512.992
_bCAS 1966
100 _a Castle,Frank
245 _aFive-Figure Logarithmic And Other Tables /
_cFrank Castle
260 _aNew York :
_bSt Martin's Press,
_c1966.
300 _a64 p. :
_c21 cm.
650 _aLogarithms
650 _aMathematics
942 _2ddc
_cBK